|
|
|
|
| LEADER |
01237nam a2200337 a 4500 |
| 001 |
000082163 |
| 003 |
CZ BrMZK |
| 005 |
20160914142949.0 |
| 007 |
ta |
| 008 |
960815s1996 sp a e f spa d |
| 040 |
|
|
|a BOA001
|b cze
|
| 072 |
|
7 |
|a 911
|x Obecná geografie. Systematická geografie
|2 Konspekt
|9 7
|
| 080 |
|
|
|a 911.375.4
|2 MRF
|
| 080 |
|
|
|a 913:338.483.1
|2 MRF
|
| 080 |
|
|
|a (100)
|2 MRF
|
| 080 |
|
|
|a (036)
|2 MRF
|
| 080 |
|
|
|a (084.12)
|2 MRF
|
| 245 |
0 |
0 |
|a Ciudades con encanto :
|b París, Londres, Nueva York, Roma, Praga, Viena
|
| 260 |
|
|
|a Madrid :
|b <<El >>País,
|c 1996
|
| 300 |
|
|
|a 400 s. :
|b il. ;
|c 27 cm +
|e 2 volné přílohy
|
| 490 |
1 |
|
|a Guías visuales
|
| 500 |
|
|
|a Ke knize vyd. samost. plány měst
|
| 650 |
0 |
7 |
|a hlavní města
|7 ph114673
|z země světa
|2 czenas
|
| 650 |
0 |
7 |
|a turistické zajímavosti
|7 ph126800
|2 czenas
|
| 655 |
|
7 |
|a průvodce
|7 fd133154
|2 czenas
|
| 655 |
|
7 |
|a fotografické publikace
|7 fd132276
|2 czenas
|
| 765 |
0 |
|
|t Eyewitness travel guides Paris, London, New York, Rome. Eyewitness travel guides Prague, Vienna
|
| 830 |
|
0 |
|a Guías visuales
|
| 910 |
|
|
|a BOA001
|b M3-1022.458
|
| 990 |
|
|
|a BK
|
| 996 |
6 |
|
|b 2610038920
|c M3-1022.458
|l MZK
|r Sklad / do 24 hodin
|n 0
|p vým
|w 000082163
|u 000010
|a 1
|e BOA001
|j MZK50
|s P
|